বঙ্গবন্ধুর ভাষণ এবং সংগ্রামী জীবন / (Record no. 79104)
[ view plain ]
| 000 -LEADER | |
|---|---|
| fixed length control field | 01209nam a2200265 a 4500 |
| 001 - CONTROL NUMBER | |
| control field | 79104 |
| 003 - CONTROL NUMBER IDENTIFIER | |
| rucl marc code | BD-RjUL |
| 005 - DATE AND TIME OF LATEST TRANSACTION | |
| control field | 20220103104243.0 |
| 008 - FIXED-LENGTH DATA ELEMENTS--GENERAL INFORMATION | |
| fixed length control field | 220103r20202011bg ||||| |||| 00| 0 ben d |
| 020 ## - INTERNATIONAL STANDARD BOOK NUMBER | |
| International Standard Book Number | 9847026401173 |
| Terms of availability | :Tk.600.00 |
| 035 ## - SYSTEM CONTROL NUMBER | |
| System control number | (BD-RjUL)79104 |
| 040 ## - CATALOGING SOURCE | |
| Original cataloging agency | BD-RjUL |
| Language of cataloging | eng |
| Transcribing agency | BD-RjUL |
| 041 ## - LANGUAGE CODE | |
| Language code of text/sound track or separate title | ben |
| 082 ## - DEWEY DECIMAL CLASSIFICATION NUMBER | |
| Edition number | 23 |
| Classification number | 954.9205092 |
| Author mark and year | HUB 2020 |
| 100 ## - MAIN ENTRY--PERSONAL NAME | |
| Personal name | হুমায়ুন, রফিকুজ্জামান |
| 9 (RLIN) | 461 |
| 245 ## - TITLE STATEMENT | |
| Title | বঙ্গবন্ধুর ভাষণ এবং সংগ্রামী জীবন / |
| Statement of responsibility, etc. | রফিকুজ্জামান হুমায়ুন |
| 260 ## - PUBLICATION, DISTRIBUTION, ETC. (IMPRINT) | |
| Place of publication, distribution, etc. | ঢাকা : |
| Name of publisher, distributor, etc. | জনতা প্রকাশ, |
| Date of publication, distribution, etc. | ২০১১ [মুদ্রণ ২০২০] |
| 300 ## - PHYSICAL DESCRIPTION | |
| Pagination | ৪৯৫ পৃ.; |
| Size | ২২ সেমি. |
| 504 ## - BIBLIOGRAPHY, ETC. NOTE | |
| Bibliography, etc | গ্রন্থপঞ্জী সংযুক্ত |
| 600 ## - SUBJECT ADDED ENTRY--PERSONAL NAME | |
| Personal name | মুজিবুর রহমান, |
| Titles and other words associated with a name | শেখ, |
| Dates associated with a name | ১৯২০-১৯৭৫ |
| Personal name | Mujibur Rahman, |
| Titles and other words associated with a name | Sheikh, |
| Dates associated with a name | 1920-1975 |
| 650 ## - SUBJECT ADDED ENTRY--TOPICAL TERM | |
| Topical term or geographic name as entry element | বাংলাদেশ |
| General subdivision | ইতিহাস |
| -- | মুক্তিযুদ্ধ, ১৯৭১ |
| 9 (RLIN) | 450 |
| Topical term or geographic name as entry element | Bangladesh - |
| General subdivision | History |
| -- | Revolution, 1971 |
| 9 (RLIN) | 451 |
| 942 ## - ADDED ENTRY ELEMENTS (KOHA) | |
| Source of classification or shelving scheme | Dewey Decimal Classification |
| Koha item type | Books |
| Lost status | Source of classification or shelving scheme | Damaged status | Not for loan | Collection code | Permanent Location | Current Location | Shelving location | Date acquired | Source of acquisition | Cost, normal purchase price | Total Checkouts | Full call number | Date last seen | Copy number | Koha item type |
|---|---|---|---|---|---|---|---|---|---|---|---|---|---|---|---|
| Dewey Decimal Classification | Not For Loan | Non-fiction | Central Library, University of Rajshahi | Central Library, University of Rajshahi | Bangabandhu Corner Section | 29/11/2021 | Rajshahi, News Home | 450.00 | B 954.9205092 HUB 2020 | 03/01/2022 | C-1 | Books | |||
| Dewey Decimal Classification | Non-fiction | Central Library, University of Rajshahi | Central Library, University of Rajshahi | General Stacks | 29/11/2021 | Rajshahi, News Home | 450.00 | B 954.9205092 HUB 2020 | 03/01/2022 | C-2 | Books |